Statystyki dla Rozpoznaj autora i tytuł piosenki po fragmencie - polski rap

Kliknij tutaj aby rozwiązać quiz!

Ogólne statystyki

  • Ten quiz został rozwiązany 924 razy
  • Średni wynik to 5 z 15

Statystyki odpowiedzi

Fragment piosenkiAutor i tytuł% Poprawnych
Dziennie dwadzieścia uberów, ciuchy od designerów Nie mam prawdziwych problemów, już pozbyłem się fałszywych kolegów.Żabson - Floyd Mayweather
77%
Więc chodź do tańca, gdy krok to szansa i los nam gra Mam duszę starca nie umiem walcaQuebonafide - Half Dead
73%
Do sufitu układam ten pieniądz Zobacz na co one wszystkie lecą Te stówy, te dwie, te pięć Jeśli cię denerwuje, mów któryYoung Igi - Mówiłaś
45%
Powiedział mu jak przystało, bo w żyłach mu płynie lojalność To przez kierowcę tamten nie żyje, lecz on liczy na to, że psy nie ogarnąBedoes - Opowieści z doliny smoków
41%
Kiedy zabraknie mi Ciebie jak dziś Wyglądałaś tak ładnie Czarne Vansy i jeans Mieliśmy ostatnią szansę, ja wolałem pićKartky - Koszmar minionego lata
37%
Mogę jeszcze to naprawić Poczekaj, mogę to naprawić Mogę jeszcze wszystko naprawić Poczekaj, mogę jeszcze wszystko naprawićGuzior - WIFI
36%
Daj mi, daj mi hajsu w dolarach Chciałbym mamie mojej zbudować pałac Marzyć, ja marzyłem tu dla Was Chciałbym żeby każdy tutaj zarabiałMalik Montana - Do rana
32%
NyByLyNyByLy, NyByLyNyByLy, NyByLyNyByLy, puf, puf! NyByLyNyByLy, NyByLyNyByLy, NyByLyNyByLy, puf, puf!Chillwagon - Chillwagon
28%
Lot jak przez bermudzki trójkąt Znikniemy im z widoku Będę twoją przepustką na opuszczenie bloku Zanim będzie za późnoGedz - Bali
28%
Dlaczego jestem zły, zły, zły Mała uwierz byłym gorszy gdyby tylko nie ty, jajajaja Mam już dosyć nielojalnych sztuk i tego że mój braciak tyra za dwóchBeteo - Meow
26%
Bejbe, coś szepczesz mi na ucho, że pie*****sz konsekwencje Uśmiechasz się tak słodko, że wystarczy kliknąć enterBe vis - Surfer
24%
Choć wierzę, że na końcu życia stworzę Tadż Mahal Świat, nasze sprawy Między palcami przepływają plany, świat, nasze sprawyO.S.T.R - Alcatraz
23%
Nie zabiorę Cię do kina jak reszta z nich Ze mną przeżyjesz swój własny film Pi****l to wszystko i tańcz tańcz tańcz Pi****l to wszystko i tańcz tańcz tańczBlacha - Mademoiselle
20%
To był ulotny romans Ona wiedziała co jest pięć Na pożegnanie tylko cześć bez zobowiązań, zbędnych spięćTymek - Romans
18%
Robię to co kocham, zamieniam to tutaj w bestseller Nigdy się nie cofam, wjeżdżam sobie w ten teren Bo ten teren, to mój teren, możesz go nazwać bengeremKizo - Cichociemni
7%

Rozkład punktacji

Percentyl według liczby udzielonych odpowiedzi

Procent ludzi z każdym wynikiem

Twoja historia wyników

Nie rozwiązałeś tego quizu